[Event "AUTO-OPEN-25"]
[Site "http://www.queenalice.com/game.php?id=4807"]
[Date "2005.2.4"]
[Round "2"]
[White "Fraenkyboy"]
[Black "RocknRoll"]
[Result "1-0"]
[WhiteElo "1675"]
[BlackElo "1645"]

1. e4 e5 2. Nf3 d6 3. d4 exd4 4. Nxd4 h6 5. Nc3 Nf6 6. Bf4 a6 7. Bc4 Bd7 8. Qe2
Nc6 9. Nxc6 Bxc6 10. e5 dxe5 11. Bxe5 Be7 12. Bxf6 gxf6 13. Qh5 Rh7 14. Bd3 Rh8
15. O-O-O Qd4 16. Be4 Qxf2 17. Rde1 Bxe4 18. Rxe4 Kf8 19. Nd5 Bd6 20. Re2 Qd4
21. c3 Qd3 22. Rf1 Re8 23. Rxf6 Rh7 24. Rxf7+ Rxf7 25. Qxh6+ Rg7 26. Qh8+ Rg8
27. Qf6# 1-0

[Event "AUTO-OPEN-25"]
[Site "http://www.queenalice.com/game.php?id=4808"]
[Date "2005.2.4"]
[Round "2"]
[White "RocknRoll"]
[Black "Fraenkyboy"]
[Result "1-0"]
[WhiteElo "1645"]
[BlackElo "1699"]

1. d4 Nf6 2. Nf3 g6 3. Nc3 d5 4. h3 c6 5. Qd3 Bf5 6. Qd1 Bg7 7. Bg5 Ne4 8. Nxe4
dxe4 9. Nh4 Bxd4 10. c3 Bb6 11. Qxd8+ Bxd8 12. Nxf5 gxf5 13. O-O-O Nd7 14. f4 h5
15. Bh4 e5 16. Bxd8 Rxd8 17. g3 h4 18. Rg1 Rg8 19. fxe5 hxg3 20. e3 Nxe5 21.
Rxd8+ Kxd8 22. Be2 Nf3 23. Rg2 Ke7 24. Kd1 Kf6 25. Bf1 Ke5 26. Rc2 f4 27. exf4+
Kxf4 28. Re2 Nh4 29. Kd2 1-0

[Event "Challenge"]
[Site "http://www.queenalice.com/game.php?id=5961"]
[Date "2005.2.26"]
[Round "-"]
[White "Fraenkyboy"]
[Black "dnptrs"]
[Result "0-1"]
[WhiteElo "1661"]
[BlackElo "1770"]

1. e4 c5 2. Nf3 e6 3. d4 cxd4 4. Nxd4 Nc6 5. Nc3 d6 6. Be3 Nf6 7. Be2 Be7 8. O-O
O-O 9. f4 a6 10. Qe1 Qc7 11. Qg3 e5 12. fxe5 Nxe5 13. Bg5 Ng6 14. Bd3 b5 15.
Bxf6 Bxf6 16. Qe3 Qa7 17. Nce2 Ne5 18. Rxf6 gxf6 19. Kh1 Bg4 20. Rf1 Nxd3 21.
cxd3 Bxe2 22. Qg3+ Kh8 23. Nf5 Rg8 24. Qxd6 Rg6 25. Rf4 Qb8 26. d4 Qxd6 27. Nxd6
Ra7 28. Rf2 Rd7 29. Rxe2 Rxd6 30. d5 f5 31. exf5 Rxd5 0-1

[Event "AUTO-OPEN-23"]
[Site "http://www.queenalice.com/game.php?id=6263"]
[Date "2005.3.5"]
[Round "2"]
[White "leeroy"]
[Black "Fraenkyboy"]
[Result "0-1"]
[WhiteElo "1778"]
[BlackElo "1714"]

1. d4 d5 2. c4 c6 3. cxd5 cxd5 4. Nf3 e6 5. a3 Nf6 6. Bg5 Qb6 7. Bxf6 Qxb2 8.
Nbd2 gxf6 9. e3 Bxa3 10. Qa4+ Bd7 11. Qxa3 Qxa3 12. Rxa3 a5 13. Bd3 Nc6 14. Bb5
Nb4 15. Bxd7+ Kxd7 16. Ke2 Rhc8 17. Nb3 b6 18. Rc1 Rxc1 19. Nxc1 Rc8 20. Nb3
Rc2+ 21. Nfd2 Ra2 22. Rxa2 Nxa2 23. Kd3 a4 24. Na1 b5 25. Kc2 b4 26. Nb1 b3+ 27.
Nxb3 axb3+ 28. Kxb3 Nc1+ 29. Kc2 Na2 30. Kd2 Kc6 31. Ke2 Kb5 32. h4 Kc4 33. Na3+
Kb4 34. Nc2+ Kc3 35. Na3 Kb3 36. Nb5 Nc3+ 37. Nxc3 Kxc3 38. f4 f5 39. h5 h6 40.
g3 f6 41. Kf3 Kd3 42. g4 fxg4+ 43. Kxg4 Ke4 44. Kg3 Kxe3 45. Kg4 Kxd4 46. Kf3 e5
47. fxe5 fxe5 48. Ke2 Kc3 49. Ke3 d4+ 0-1

[Event "AUTO-OPEN-23"]
[Site "http://www.queenalice.com/game.php?id=6264"]
[Date "2005.3.5"]
[Round "2"]
[White "Fraenkyboy"]
[Black "leeroy"]
[Result "1-0"]
[WhiteElo "1694"]
[BlackElo "1798"]

1. e4 e5 2. Nf3 d6 3. d4 Bg4 4. Be2 Nd7 5. Bg5 Be7 6. Qd2 h6 7. Bxe7 Qxe7 8. Nc3
Ngf6 9. O-O-O Bxf3 10. Bxf3 a6 11. Be2 Nb6 12. f3 Nfd7 13. h4 Qe6 14. d5 Qe7 15.
Qe3 Nc5 16. g3 Nba4 17. Nxa4 Nxa4 18. Qb3 Nc5 19. Qb4 O-O 20. Rhf1 a5 21. Qc3
Qd7 22. Qe3 b5 23. f4 f6 24. fxe5 fxe5 25. Kb1 b4 26. Rf3 Rxf3 27. Bxf3 a4 28.
Qd2 Qb5 29. Be2 Qb6 30. Bd3 Rf8 31. Qe2 Nxd3 32. Qxd3 Rf2 33. a3 bxa3 34. Qxa3
Qb5 35. Qd3 Qb6 36. Qa3 Qb5 37. Qd3 Qb4 38. Ka1 Rg2 39. Rf1 Rd2 40. Qf3 Qb8 41.
Qf7+ Kh7 42. Kb1 Rg2 43. Rf3 Re2 44. h5 Qc8 45. Rf6 Kh8 46. Re6 Re1+ 47. Ka2 Re3
48. Re8+ Qxe8 49. Qxe8+ Kh7 50. Qd7 1-0

[Event "AUTO-OPEN-23"]
[Site "http://www.queenalice.com/game.php?id=6267"]
[Date "2005.3.5"]
[Round "2"]
[White "mett"]
[Black "Fraenkyboy"]
[Result "1/2-1/2"]
[WhiteElo "1779"]
[BlackElo "1634"]

1. e4 e5 2. Nf3 Nc6 3. Bb5 a6 4. Ba4 d6 5. O-O Bg4 6. h3 h5 7. d4 b5 8. Bb3 Nxd4
9. hxg4 hxg4 10. Ng5 Nh6 11. Nc3 Be7 12. Nd5 Bxg5 13. Nxc7 Qxc7 14. Bxg5 Nxb3
15. axb3 Qc6 16. Re1 f6 17. Bxh6 Rxh6 18. Qxg4 Kf7 19. c3 Rah8 20. g3 Rh1+ 21.
Kg2 R8h2+ 22. Kf3 Qc5 23. Qd7+ Kg8 24. Qe8+ Kh7 25. Rxh1 Qxf2+ 26. Kg4 Qe2+ 27.
Kf5 Qf3+ 28. Ke6 Rxh1 29. Rxh1+ Qxh1 30. g4 Qh3 31. Qh5+ Qxh5 32. gxh5 Kh6 33.
Kxd6 Kxh5 34. c4 f5 35. Kxe5 fxe4 36. Kxe4 bxc4 37. bxc4 Kg6 38. b4 Kf6 39. Kd5
g5 40. b5 axb5 41. cxb5 Ke7 1/2-1/2

[Event "AUTO-OPEN-23"]
[Site "http://www.queenalice.com/game.php?id=6268"]
[Date "2005.3.5"]
[Round "2"]
[White "Fraenkyboy"]
[Black "mett"]
[Result "1-0"]
[WhiteElo "1682"]
[BlackElo "1803"]

1. e4 c5 2. Nf3 d6 3. d4 cxd4 4. Nxd4 Nf6 5. Nc3 a6 6. Be2 e6 7. O-O Be7 8. f4
Qc7 9. Be3 b5 10. e5 dxe5 11. fxe5 Qxe5 12. Bf4 Qc5 13. Bf3 Ra7 14. Bxb8 Rd7 15.
Bc6 O-O 16. Bxd7 Bxd7 17. Bg3 e5 18. Bxe5 Qxe5 19. Re1 Qc5 20. Ne4 Nxe4 21. Rxe4
Bf6 22. c3 Bc6 23. Rf4 Be5 24. Rh4 Rd8 25. Qd3 g6 26. Re1 Bf6 27. Rf4 Bg7 28.
Rf2 Bxd4 29. cxd4 Rxd4 30. Qe3 Qd5 31. b3 h5 32. Rfe2 Rg4 33. Qd2 Rd4 34. Qb2
Rd1 35. Qc3 Rxe1+ 36. Qxe1 Qd4+ 37. Qf2 Qd1+ 38. Qf1 Qd4+ 39. Rf2 h4 40. h3 g5
41. Kh2 Qe5+ 42. Kh1 Qg3 43. Kg1 g4 44. hxg4 Qe3 45. Kh2 Qg3+ 46. Kg1 Qe3 47.
Qe2 Qd4 48. Qe7 1-0

[Event "AUTO-OPEN-28"]
[Site "http://www.queenalice.com/game.php?id=11203"]
[Date "2005.4.26"]
[Round "2"]
[White "archnemesis"]
[Black "Fraenkyboy"]
[Result "0-1"]
[WhiteElo "1415"]
[BlackElo "1733"]

1. d4 Nf6 2. Bf4 d5 3. Nf3 c5 4. e3 Qb6 5. Qc1 Nc6 6. c3 Bf5 7. Ne5 Nxe5 8. dxe5
Nd7 9. Nd2 e6 10. Be2 Be7 11. O-O O-O 12. Nb3 c4 13. Nd4 Bg6 14. f3 Qc7 15. Bd1
Nxe5 16. Bc2 Bxc2 17. Qxc2 Bf6 18. e4 Rad8 19. Qa4 Qb6 20. Rab1 Nd3 21. Be3 Nxb2
22. Qc2 Bxd4 23. Bxd4 Qd6 24. Rxb2 b6 25. e5 Qe7 26. g3 Qg5 27. Kg2 f6 28. h4
Qh5 29. exf6 gxf6 30. Kh3 e5 31. g4 Qh6 32. Bf2 Kh8 33. Qd2 Qg6 34. Rb5 f5 35.
g5 f4 36. Rxd5 Qe6+ 37. Kg2 Rxd5 38. Qe2 Ra5 39. Rb1 Rd8 40. Rb4 b5 41. a4 bxa4
42. Rxc4 a3 43. Rc5 Rxc5 44. Bxc5 a2 45. Qe1 Rb8 46. Bd4 Rb1 47. Qxe5+ Qxe5 48.
Bxe5+ Kg8 49. c4 a1=Q 50. Bxa1 Rxa1 51. Kh3 a5 52. Kg4 Rc1 53. Kxf4 Rxc4+ 54.
Kf5 Rxh4 55. f4 a4 56. Ke4 a3 57. Ke5 a2 0-1

[Event "AUTO-OPEN-28"]
[Site "http://www.queenalice.com/game.php?id=11204"]
[Date "2005.4.26"]
[Round "2"]
[White "Fraenkyboy"]
[Black "archnemesis"]
[Result "1-0"]
[WhiteElo "1692"]
[BlackElo "1352"]

1. e4 f6 2. d4 g6 3. Nf3 Nh6 4. Bc4 e6 5. O-O Nf7 6. Nc3 Bg7 7. Bf4 O-O 8. Re1
c6 9. e5 d5 10. exd6 Re8 11. Ne4 a5 12. Nc5 b6 13. Nxe6 Bxe6 14. Bxe6 Kf8 15.
Bxf7 Kxf7 16. d5 c5 17. Qd3 Nd7 18. Qb5 Ne5 19. Bxe5 fxe5 20. d7 Re7 21. Rad1 h6
22. d6 Rxd7 23. Nxe5+ Bxe5 24. Rxe5 Rxd6 25. Rde1 Ra7 26. Re8 Qxe8 27. Qxe8+ Kf6
28. g4 h5 29. Qf8+ Kg5 30. Qxd6 Kxg4 31. Qg3+ Kf5 32. Qe5+ Kg4 33. Re4+ Kf3 34.
Qf4# 1-0

[Event "AUTO-OPEN-23"]
[Site "http://www.queenalice.com/game.php?id=14888"]
[Date "2005.5.31"]
[Round "3"]
[White "blikinn"]
[Black "Fraenkyboy"]
[Result "0-1"]
[WhiteElo "1782"]
[BlackElo "1738"]

1. e4 e5 2. Nf3 Nc6 3. Bb5 a6 4. Ba4 Nf6 5. O-O Nxe4 6. Re1 Nc5 7. Bxc6 dxc6 8.
Nxe5 Be7 9. d4 Ne6 10. Qf3 O-O 11. c3 Ng5 12. Qg3 c5 13. Be3 cxd4 14. cxd4 Ne4
15. Qf3 Nd6 16. Nc3 c6 17. d5 Bf6 18. Bc5 Bxe5 19. Rxe5 b6 20. Bxd6 Qxd6 21.
Rae1 Bb7 22. Re7 Rab8 23. dxc6 Bxc6 24. Qg4 Rb7 25. R7e3 b5 26. a3 a5 27. Ne2
Rd8 28. Nd4 h5 29. Qxh5 g6 30. Qd1 Qxd4 31. Qc2 Rd6 32. h3 b4 33. a4 b3 34. Rxb3
Rxb3 35. Qxb3 Bxa4 36. Qg3 Qd2 37. Ra1 Qb4 38. Qe5 Rd1+ 39. Rxd1 Bxd1 40. Kf1 a4
41. g4 Qb3 42. Kg2 Qf3+ 43. Kg1 Qxh3 44. Qe8+ Kg7 45. Qe5+ Kh7 46. g5 Bf3 47.
Qh2 Qxh2+ 48. Kxh2 Kg7 49. Kg3 Bc6 50. Kf4 f6 51. gxf6+ Kxf6 52. Ke3 Ke5 53. f3
Bxf3 54. Kxf3 Kd4 0-1

[Event "AUTO-OPEN-23"]
[Site "http://www.queenalice.com/game.php?id=14889"]
[Date "2005.5.31"]
[Round "3"]
[White "Fraenkyboy"]
[Black "blikinn"]
[Result "1/2-1/2"]
[WhiteElo "1736"]
[BlackElo "1784"]

1. e4 e5 2. Nf3 Nf6 3. d4 exd4 4. e5 Ng8 5. Nxd4 d5 6. exd6 Bxd6 7. Nc3 h6 8.
Bc4 Qe7+ 9. Be3 Nf6 10. O-O O-O 11. Re1 Re8 12. Qf3 Nc6 13. Nxc6 bxc6 14. Qxc6
Bd7 15. Qa6 Bc8 16. Qa5 Bb4 17. Qb5 a5 18. Nd5 Nxd5 19. Bxd5 Bd7 20. Qc4 Bxe1
21. Bxa8 Bxf2+ 22. Bxf2 Rxa8 23. Qxc7 Qe6 24. c4 Bc6 25. b3 a4 26. Re1 Qg6 27.
g3 axb3 28. axb3 Qf6 29. Kf1 Ra2 30. Qf4 Qb2 31. Qb8+ Kh7 32. Qb6 Bd7 33. Qe3
Qc2 34. Qe4+ Bf5 35. Qxc2 Bxc2 36. Rc1 Bxb3 37. c5 Be6 38. c6 Bh3+ 39. Ke1 Bg4
40. c7 Re2+ 41. Kf1 Re8 42. Kg2 Bc8 43. Kf3 Kg6 44. Kf4 f5 45. Rc5 Re4+ 46. Kf3
Kf6 47. h3 h5 48. Bg1 g5 49. Be3 g4+ 50. hxg4 hxg4+ 51. Kf2 Ke6 52. Bf4 Ra4
1/2-1/2

[Event "QA-ANNIV-01"]
[Site "http://www.queenalice.com/game.php?id=15333"]
[Date "2005.6.4"]
[Round "1"]
[White "Philidor"]
[Black "Fraenkyboy"]
[Result "1-0"]
[WhiteElo "1673"]
[BlackElo "1736"]

1. Nf3 d5 2. c4 c6 3. b3 Nf6 4. Bb2 Bg4 5. e3 Nbd7 6. Be2 e5 7. Nxe5 Bxe2 8.
Qxe2 Nxe5 9. Bxe5 Bd6 10. Bxd6 Qxd6 11. O-O O-O 12. Nc3 Rfe8 13. d4 Qb4 14. Rac1
dxc4 15. bxc4 b6 16. d5 Rac8 17. Rfd1 Qd6 18. e4 cxd5 19. cxd5 Qb4 20. Qe3 Rc4
21. f3 Rec8 22. Rd3 Nd7 23. e5 Re8 24. e6 fxe6 25. d6 e5 26. Ne4 Rxc1+ 27. Qxc1
Nc5 28. Nxc5 Qxc5+ 29. Qxc5 bxc5 30. Rd5 c4 31. Rc5 Rd8 32. Rxc4 Rxd6 33. Rc8+
Kf7 34. Rc7+ Kf6 35. Rxa7 h5 36. a4 g5 37. a5 Rd1+ 38. Kf2 Ra1 39. Ra8 Ke6 40.
a6 Kd5 41. a7 Kc6 42. Rc8+ Kb7 43. a8=Q+ Rxa8 44. Rxa8 Kxa8 45. Ke3 1-0

[Event "AUTO-OPEN-28"]
[Site "http://www.queenalice.com/game.php?id=26441"]
[Date "2005.8.29"]
[Round "3"]
[White "Fraenkyboy"]
[Black "jose_scalise"]
[Result "1-0"]
[WhiteElo "1756"]
[BlackElo "1596"]

1. e4 e5 2. Nf3 Nc6 3. Bc4 Nf6 4. d4 exd4 5. O-O Nxe4 6. Re1 d5 7. Bxd5 Qxd5 8.
Nc3 Qa5 9. Nxe4 Be6 10. Bd2 Qa6 11. Neg5 Qc4 12. b3 Qd5 13. Nxf7 Kxf7 14. Ng5+
Ke8 15. Nxe6 Kd7 16. Qg4 Ne5 17. Rxe5 Qxe5 18. Nxf8+ Kc6 19. Re1 Qd5 20. Re6+
Kc5 21. Nd7+ Qxd7 22. b4+ Kd5 23. Qf5+ Kc4 24. Qc5# 1-0

[Event "AUTO-OPEN-28"]
[Site "http://www.queenalice.com/game.php?id=26442"]
[Date "2005.8.29"]
[Round "3"]
[White "jose_scalise"]
[Black "Fraenkyboy"]
[Result "0-1"]
[WhiteElo "1586"]
[BlackElo "1766"]

1. d4 d5 2. Nc3 Nf6 3. e4 dxe4 4. f3 Bf5 5. fxe4 Nxe4 6. Bd3 Nxc3 7. bxc3 Qd5 8.
Nf3 Qe6+ 9. Kf2 Nc6 10. c4 Bxd3 11. cxd3 O-O-O 12. d5 Qf6 13. Bg5 Qb2+ 14. Kg3
Nd4 15. Rb1 Qc3 16. Nxd4 Qxd4 17. Qb3 b6 18. Rhe1 Rd6 19. Re4 Qc5 20. d4 Qa5 21.
Bxe7 Rg6+ 22. Kf3 Bxe7 23. Rxe7 Qd2 24. Rb2 Qxd4 25. Rbe2 Rf6+ 26. Kg3 Qf4+ 0-1

[Event "QA-ANNIV-01"]
[Site "http://www.queenalice.com/game.php?id=28970"]
[Date "2005.9.16"]
[Round "2"]
[White "Fraenkyboy"]
[Black "LOLIN"]
[Result "1-0"]
[WhiteElo "1775"]
[BlackElo "1820"]

1. e4 e5 2. Nf3 Qf6 3. Nc3 c6 4. d4 d6 5. dxe5 dxe5 6. Bg5 Qd6 7. Bc4 Be7 8.
Qxd6 Bxd6 9. Rd1 Be7 10. Bxe7 Nxe7 11. Nxe5 O-O 12. Nxf7 Bd7 13. Ne5+ Kh8 14.
Nxd7 Nxd7 15. Rxd7 Ng6 16. Rxb7 Ne5 17. Be6 Rf6 18. Re7 Ng6 19. e5 Nxe7 20. exf6
gxf6 21. O-O Ng6 22. Rd1 Kg7 23. Rd7+ Kh6 24. Ne4 Nf8 25. Rf7 Nxe6 26. Rxf6+ 1-0

[Event "QA-ANNIV-01"]
[Site "http://www.queenalice.com/game.php?id=78006"]
[Date "2006.6.18"]
[Round "3"]
[White "Maxwell"]
[Black "Fraenkyboy"]
[Result "1-0"]
[WhiteElo "2021"]
[BlackElo "1793"]

1. d4 Nf6 2. c4 e6 3. Nc3 Bb4 4. Qc2 c5 5. dxc5 O-O 6. a3 Bxc5 7. Nf3 b6 8. Bg5
Bb7 9. e4 h6 10. Bh4 Nc6 11. e5 Nd4 12. Nxd4 Bxd4 13. exf6 Bxf6 14. Bg3 d5 15.
cxd5 Bxc3+ 16. bxc3 Bxd5 17. Rd1 Qe7 18. c4 Rac8 19. Qb3 Bb7 20. Bd6 Qg5 21.
Bxf8 Kxf8 22. f3 Kg8 23. g3 Qa5+ 24. Kf2 Rc5 25. Rd8+ Kh7 26. Bd3+ g6 27. Rd1
1-0

[Event "QA-ANNIV-01"]
[Site "http://www.queenalice.com/game.php?id=90913"]
[Date "2006.7.31"]
[Round "4"]
[White "Fraenkyboy"]
[Black "diego2907"]
[Result "1-0"]
[WhiteElo "1786"]
[BlackElo "1740"]

1. e4 e5 2. Nf3 d6 3. d4 f6 4. Nc3 a6 5. Bc4 Bd7 6. O-O Nc6 7. Nd5 Na5 8. Qd3
Nxc4 9. Qxc4 Bc6 10. Bd2 Bxd5 11. Qxd5 c6 12. Qb3 Rb8 13. Qa4 Qd7 14. c4 Ne7 15.
d5 Ra8 16. Rac1 Nc8 17. Nh4 b5 18. cxb5 cxb5 19. Qa5 Be7 20. Nf5 O-O 21. Rc7 Qe8
22. Rc6 Bd8 23. Qa3 Be7 24. Rxa6 Rxa6 25. Qxa6 Bd8 26. Qxc8 Be7 27. Rc1 Qxc8 28.
Nxe7+ Kf7 29. Rxc8 Kxe7 30. Rxf8 Kxf8 31. Bb4 Ke7 32. Kf1 Kd7 33. Ke2 Kc7 34.
Kd3 Kd7 35. Kc3 Kc7 36. Ba3 Kb6 37. Bxd6 g5 38. Be7 1-0

[Event "QA-ANNIV-01"]
[Site "http://www.queenalice.com/game.php?id=106360"]
[Date "2006.9.15"]
[Round "5"]
[White "Ninja"]
[Black "Fraenkyboy"]
[Result "1/2-1/2"]
[WhiteElo "1787"]
[BlackElo "1800"]

1. e4 e5 2. Nf3 Nc6 3. Nc3 Nf6 4. Bb5 Nd4 5. Nxd4 exd4 6. Ne2 Nxe4 7. d3 Bb4+ 8.
Kf1 Nd6 9. Ba4 Nf5 10. c3 dxc3 11. bxc3 Qf6 12. Bd2 Ba5 13. Nf4 c6 14. Bb3 Bxc3
15. Bxc3 Qxc3 16. g3 O-O 17. h4 Re8 18. Kg2 Qb2 19. Re1 Ne3+ 20. Kg1 Qd4 21.
Rxe3 Rxe3 22. fxe3 Qxe3+ 23. Kh2 d5 24. Qe1 Qxe1 25. Rxe1 Kf8 26. d4 Bf5 27. Re5
g6 28. Ng2 1/2-1/2